000
00175nam a22000857a 4500
999
_c
12393
_d
12393
082
_a
658.4
100
_a
Richard L. Daft
245
_a
Organization Theory and Design
942
_c
BK